| 000 | 00951nam a2200265 a 4500 | ||
|---|---|---|---|
| 001 | 72578 | ||
| 003 | BD-RjUL | ||
| 005 | 20211209082259.0 | ||
| 008 | 170521s1950 ilub 001 0 eng | ||
| 035 | _a(BD-RjUL)72796 | ||
| 040 |
_aDLC _cODaWU _dOCoLC _dUk _dIRoRVC _dDLC _dBD-RjUL _beng |
||
| 041 | _aeng | ||
| 082 |
_223 _a972.00498 _bREV 1950 |
||
| 100 | 1 |
_aRedfield, Robert, _d1897- _9214687 |
|
| 245 | 1 | 2 |
_aA village that chose progress : _bChan Kom revisited / _cRobert Redfeild. |
| 260 |
_aChicago : _bUniversity of Chicago Press, _cc1950. |
||
| 300 |
_axiv, 187 p. : _bill. ; _c22 cm. |
||
| 490 | 1 | _aThe University of Chicago publications in anthropology. Social anthropological series | |
| 500 | _aIncludes index. | ||
| 650 | 0 |
_aMayas _xSocial life and customs. _9214688 |
|
| 650 | 0 |
_aMayas _xReligion. _9214689 |
|
| 651 | 0 |
_aChan Kom (Mexico) _9214690 |
|
| 830 | 0 |
_aUniversity of Chicago publications in anthropology. _9214692 |
|
| 942 |
_2ddc _cBK |
||
| 999 |
_c72578 _d72578 |
||